[Event "Montreal Mercredi 11"]
[Site "Montreal CAN"]
[Date "2017.12.13"]
[Round "5"]
[White "Lebeau, Gilbert"]
[Black "Jacquet, Stephane"]
[Result "1/2-1/2"]
[WhiteElo "1986"]
[BlackElo "1912"]
[WhiteFideId "-1"]
[WhiteFideId "-1"]
[PlyCount "75"]
[GameId "2160767908308950"]
[EventDate "2017.11.15"]
[EventType "swiss"]
[EventRounds "5"]
[EventCountry "CAN"]
[SourceTitle "EXT 2022"]
[Source "ChessBase"]
[SourceDate "2021.10.06"]
[SourceVersion "1"]
[SourceVersionDate "2021.10.06"]
[SourceQuality "1"]

1. d4 Nf6 2. c4 g6 3. Nc3 Bg7 4. e4 d6 5. Bd3 O-O 6. Nge2 e5 7. d5 Nh5 8. O-O Nd7 9. Rb1 a5 10. a3 Nc5 11. Bc2 f5 12. b4 axb4 13. axb4 Nxe4 14. Nxe4 fxe4 15. Bxe4 Qh4 16. f3 Bd7 17. Be3 Nf4 18. Nxf4 exf4 19. Bf2 Qf6 20. Qc2 Ra4 21. c5 Rfa8 22. cxd6 Qxd6 23. Qc5 Ra2 24. Rfc1 Be5 25. h3 Rd2 26. Rc2 Ra2 27. Rbc1 b6 28. Qc4 Rb2 29. Rxb2 Rxb2 30. Be1 Ba4 31. Bc3 Bxc3 32. Qxc3 Rxb4 33. Qxc7 Qxc7 34. Rxc7 Rd4 35. g3 Rd1+ 36. Kf2 Rd2+ 37. Ke1 Rd1+ 38. Kf2 1/2-1/2

[Event "Montreal Mercredi 11"]
[Site "Montreal CAN"]
[Date "2017.12.13"]
[Round "5"]
[White "Lopez Linares, Lizandro"]
[Black "Saha, Ananda"]
[Result "1-0"]
[WhiteElo "2184"]
[BlackElo "2191"]
[WhiteFideId "-1"]
[WhiteFideId "-1"]
[PlyCount "84"]
[GameId "2160767908308951"]
[EventDate "2017.11.15"]
[EventType "swiss"]
[EventRounds "5"]
[EventCountry "CAN"]
[SourceTitle "EXT 2022"]
[Source "ChessBase"]
[SourceDate "2021.10.06"]
[SourceVersion "1"]
[SourceVersionDate "2021.10.06"]
[SourceQuality "1"]

1. d4 d5 2. c4 e6 3. Nc3 Be7 4. Nf3 Nf6 5. Bf4 O-O 6. e3 c6 7. Rc1 Nbd7 8. h3 Re8 9. Bd3 dxc4 10. Bxc4 Nd5 11. Bxd5 exd5 12. O-O Nf8 13. Ne2 Ng6 14. Qc2 Nxf4 15. Nxf4 Bd6 16. Nd3 Bf5 17. Qc3 Be4 18. Nd2 Bxd3 19. Qxd3 Re6 20. g3 Qg5 21. Nf3 Qe7 22. Rc3 Rg6 23. Nh4 Rf6 24. Kg2 Qd7 25. f4 Re8 26. Nf3 h6 27. a3 Rfe6 28. Qd2 Qe7 29. Kf2 g5 30. Rg1 Kh8 31. Re1 Re4 32. Qd1 f6 33. Nd2 gxf4 34. Nxe4 fxe3+ 35. Rcxe3 dxe4 36. Qh5 f5 37. Qxh6+ Kg8 38. Qg6+ Kh8 39. Qh5+ Kg8 40. Rf3 Qe6 41. Rxf5 e3+ 42. Kg1 Bf8 1-0

[Event "Montreal Mercredi 11"]
[Site "Montreal CAN"]
[Date "2017.12.13"]
[Round "5"]
[White "Nardone, Raul"]
[Black "Jia, Zhe"]
[Result "0-1"]
[WhiteElo "1768"]
[BlackElo "1805"]
[WhiteFideId "-1"]
[WhiteFideId "-1"]
[PlyCount "66"]
[GameId "2160767908308952"]
[EventDate "2017.11.15"]
[EventType "swiss"]
[EventRounds "5"]
[EventCountry "CAN"]
[SourceTitle "EXT 2022"]
[Source "ChessBase"]
[SourceDate "2021.10.06"]
[SourceVersion "1"]
[SourceVersionDate "2021.10.06"]
[SourceQuality "1"]

1. d4 d5 2. Bf4 c5 3. e3 Nc6 4. c3 Qb6 5. Qb3 c4 6. Qxb6 axb6 7. e4 e6 8. Nd2 b5 9. Ngf3 Nge7 10. Be2 Ng6 11. Bg3 Be7 12. O-O f5 13. exf5 exf5 14. Bc7 O-O 15. Rfe1 b4 16. Nxc4 bxc3 17. bxc3 dxc4 18. Bxc4+ Kh8 19. d5 Na5 20. Bb5 Bf6 21. Rac1 f4 22. Re4 Bf5 23. Ra4 b6 24. Nd4 Bd8 25. Bd6 Be7 26. Bxe7 Nxe7 27. d6 Nc8 28. d7 Nd6 29. Nxf5 Rxf5 30. Rd4 Rxb5 31. Rxd6 Nb7 32. Rd4 Rd8 33. Re1 Rf5 0-1

[Event "Montreal Mercredi 11"]
[Site "Montreal CAN"]
[Date "2017.12.13"]
[Round "5"]
[White "Soudre, Nicolas"]
[Black "Zheng, Richard"]
[Result "1/2-1/2"]
[WhiteElo "2237"]
[BlackElo "2080"]
[WhiteFideId "-1"]
[WhiteFideId "-1"]
[PlyCount "158"]
[GameId "2160767908308953"]
[EventDate "2017.11.15"]
[EventType "swiss"]
[EventRounds "5"]
[EventCountry "CAN"]
[SourceTitle "EXT 2022"]
[Source "ChessBase"]
[SourceDate "2021.10.06"]
[SourceVersion "1"]
[SourceVersionDate "2021.10.06"]
[SourceQuality "1"]

1. e4 e5 2. f4 exf4 3. Bc4 Nf6 4. Nc3 c6 5. Bb3 d5 6. exd5 cxd5 7. d4 Bd6 8. Nge2 f3 9. gxf3 Nc6 10. Bg5 Be6 11. Qd2 h6 12. Bh4 g5 13. Bg3 Bxg3+ 14. hxg3 Rh7 15. O-O-O Qe7 16. f4 gxf4 17. Qxf4 O-O-O 18. Rxh6 Nh5 19. Qd2 Rxh6 20. Qxh6 Bg4 21. Qd2 Re8 22. Rh1 Bxe2 23. Nxe2 Qxe2 24. Qxe2 Rxe2 25. Rxh5 Nxd4 26. Rxd5 Re4 27. Rc5+ Kb8 28. Bxf7 Ne2+ 29. Kd2 Nxg3 30. Kd3 Re7 31. Bd5 Rc7 32. Rb5 a6 33. Rb6 Nf5 34. c4 Ne7 35. Kd4 Ka7 36. Rb3 b5 37. Rf3 bxc4 38. Bxc4 Nc6+ 39. Kc3 Kb6 40. Rf6 Ka7 41. b3 Rc8 42. a4 Rc7 43. Re6 Rc8 44. b4 Nb8 45. Re7+ Kb6 46. a5+ Kc6 47. Re6+ Kb7 48. Kb3 Rc7 49. Bd5+ Ka7 50. Rd6 Rd7 51. Rxd7+ Nxd7 52. Kc4 Ne5+ 53. Kd4 Nd7 54. Be6 Nf6 55. Ke5 Nh5 56. Bc4 Kb7 57. Bd5+ Kc7 58. Bf3 Ng7 59. Be2 Kb7 60. Kd6 Nf5+ 61. Kc5 Ka7 62. Bd3 Ng3 63. Kc6 Nh5 64. Bxa6 Kxa6 65. b5+ Ka7 66. Kc7 Nf6 67. b6+ Ka6 68. Kc6 Ne8 69. Kd7 Nf6+ 70. Kc8 Nd5 71. b7 Ne7+ 72. Kc7 Nd5+ 73. Kb8 Ne7 74. Kc7 Nd5+ 75. Kc8 Ne7+ 76. Kb8 Nd5 77. Kc8 Ne7+ 78. Kc7 Nd5+ 79. Kc6 Ne7+ 1/2-1/2

[Event "Montreal Vendredi 01"]
[Site "Montreal CAN"]
[Date "2017.01.13"]
[Round "1"]
[White "Yu, Zong Yang"]
[Black "Leveille, Francois"]
[Result "1-0"]
[WhiteElo "2487"]
[BlackElo "2334"]
[WhiteFideId "-1"]
[WhiteFideId "-1"]
[PlyCount "59"]
[GameId "2160767908478938"]
[EventDate "2017.01.13"]
[EventType "tourn"]
[EventRounds "3"]
[EventCountry "CAN"]
[SourceTitle "EXT 2022"]
[Source "ChessBase"]
[SourceDate "2021.10.06"]
[SourceVersion "1"]
[SourceVersionDate "2021.10.06"]
[SourceQuality "1"]

1. b3 e5 2. Bb2 d6 3. e3 Nf6 4. c4 Be7 5. d4 exd4 6. exd4 d5 7. Nf3 O-O 8. Be2 Nc6 9. O-O Bf5 10. Nc3 Nb4 11. a3 Na6 12. cxd5 Nxd5 13. Nxd5 Qxd5 14. Ne5 Rad8 15. Bc4 Qe4 16. Re1 Qc2 17. Qxc2 Bxc2 18. Rac1 Bf5 19. Nxf7 Rxf7 20. Rxe7 Bg6 21. Bxf7+ Bxf7 22. b4 Kf8 23. Rce1 Rc8 24. b5 Nb8 25. d5 a6 26. b6 cxb6 27. Rxb7 Bxd5 28. Rxg7 Rc2 29. Ba1 Ra2 30. Rc7 1-0

[Event "Montreal Vendredi 01"]
[Site "Montreal CAN"]
[Date "2017.01.20"]
[Round "2"]
[White "Leveille, Francois"]
[Black "Chabot, Roland"]
[Result "1-0"]
[WhiteElo "2334"]
[BlackElo "2209"]
[WhiteFideId "-1"]
[WhiteFideId "-1"]
[PlyCount "55"]
[GameId "2160767908478939"]
[EventDate "2017.01.13"]
[EventType "tourn"]
[EventRounds "3"]
[EventCountry "CAN"]
[SourceTitle "EXT 2022"]
[Source "ChessBase"]
[SourceDate "2021.10.06"]
[SourceVersion "1"]
[SourceVersionDate "2021.10.06"]
[SourceQuality "1"]

1. e4 e6 2. d4 d5 3. Nd2 c5 4. exd5 Qxd5 5. Ngf3 cxd4 6. Bc4 Qd6 7. O-O Nf6 8. Nb3 Nc6 9. Nbxd4 Nxd4 10. Nxd4 a6 11. Re1 Be7 12. c3 O-O 13. Qf3 Qc7 14. Bb3 b5 15. Bf4 Qb7 16. Nc6 Bc5 17. Rad1 a5 18. Re5 a4 19. Bc2 Bb6 20. Rg5 g6 21. Be5 Ne8 22. Rg3 f6 23. Bxg6 hxg6 24. Rxg6+ Ng7 25. Bxf6 Rf7 26. Rd6 e5 27. Qd5 Kh7 28. Bxg7 1-0

[Event "Montreal Vendredi 01"]
[Site "Montreal CAN"]
[Date "2017.01.27"]
[Round "3"]
[White "Chabot, Roland"]
[Black "Yu, Zong Yang"]
[Result "1/2-1/2"]
[WhiteElo "2209"]
[BlackElo "2487"]
[WhiteFideId "-1"]
[WhiteFideId "-1"]
[PlyCount "91"]
[GameId "2160767908478941"]
[EventDate "2017.01.13"]
[EventType "tourn"]
[EventRounds "3"]
[EventCountry "CAN"]
[SourceTitle "EXT 2022"]
[Source "ChessBase"]
[SourceDate "2021.10.06"]
[SourceVersion "1"]
[SourceVersionDate "2021.10.06"]
[SourceQuality "1"]

1. d4 Nf6 2. c4 g6 3. Nc3 Bg7 4. e4 d6 5. h3 O-O 6. Nf3 e5 7. d5 Na6 8. Be3 Nh5 9. g3 f5 10. exf5 gxf5 11. Ng5 Qe8 12. Be2 Nf6 13. Qd2 Bd7 14. O-O-O c6 15. Ne6 Bxe6 16. dxe6 Rd8 17. Bxa7 Qxe6 18. Bb6 Rd7 19. g4 d5 20. g5 dxc4 21. Qc2 Rxd1+ 22. Rxd1 Nd7 23. Na4 Kh8 24. Bxc4 Qe7 25. h4 Nxb6 26. Nxb6 Nc5 27. b4 Ne4 28. a3 Rd8 29. f3 Rxd1+ 30. Qxd1 Nd6 31. Ba2 e4 32. Qb3 Qd8 33. f4 Nb5 34. Nd7 Nc3 35. Ne5 Bxe5 36. fxe5 Ne2+ 37. Kb1 Nd4 38. Qf7 Nb5 39. Kc1 Nc3 40. Bb3 f4 41. g6 hxg6 42. Qxg6 Ne2+ 43. Kb1 Qd3+ 44. Bc2 Nc3+ 45. Kb2 Qd4 46. Qe8+ 1/2-1/2

[Event "Montreal Vendredi 02"]
[Site "Montreal CAN"]
[Date "2017.02.17"]
[Round "1"]
[White "Leveille, Francois"]
[Black "Ouellet, Maili-Jade"]
[Result "1-0"]
[WhiteElo "2330"]
[BlackElo "2142"]
[WhiteFideId "-1"]
[WhiteFideId "-1"]
[PlyCount "65"]
[GameId "2160767908478552"]
[EventDate "2017.02.15"]
[EventType "tourn"]
[EventRounds "3"]
[EventCountry "CAN"]
[SourceTitle "EXT 2022"]
[Source "ChessBase"]
[SourceDate "2021.10.06"]
[SourceVersion "1"]
[SourceVersionDate "2021.10.06"]
[SourceQuality "1"]

1. e4 c5 2. Nf3 e6 3. d4 cxd4 4. Nxd4 a6 5. Bd3 Bc5 6. Nb3 Be7 7. Qg4 g6 8. Qe2 d6 9. O-O Nd7 10. a4 Qc7 11. a5 h5 12. Nc3 g5 13. Be3 Bf6 14. Qd2 g4 15. Be2 Ne7 16. f4 gxf3 17. gxf3 b5 18. axb6 Nxb6 19. Kh1 Rb8 20. Bd4 Bxd4 21. Qxd4 e5 22. Qd2 Ra8 23. Rfd1 Kd7 24. Qg5 Ng6 25. Qf6 Bb7 26. Na5 Nc8 27. Nb5 Qb6 28. Nxd6 Nxd6 29. Nxb7 Qxb7 30. Rxd6+ Ke8 31. Raxa6 Rc8 32. Rab6 Qa7 33. Ba6 1-0

[Event "Montreal Vendredi 02"]
[Site "Montreal CAN"]
[Date "2017.02.24"]
[Round "2"]
[White "Ouellet, Maili-Jade"]
[Black "Yu, Zong Yang"]
[Result "1-0"]
[WhiteElo "2142"]
[BlackElo "2478"]
[WhiteFideId "-1"]
[WhiteFideId "-1"]
[PlyCount "87"]
[GameId "2160767908478554"]
[EventDate "2017.02.15"]
[EventType "tourn"]
[EventRounds "3"]
[EventCountry "CAN"]
[SourceTitle "EXT 2022"]
[Source "ChessBase"]
[SourceDate "2021.10.06"]
[SourceVersion "1"]
[SourceVersionDate "2021.10.06"]
[SourceQuality "1"]

1. d4 Nf6 2. c4 g6 3. Nc3 Bg7 4. e4 d6 5. f4 O-O 6. Nf3 c5 7. d5 e6 8. Be2 exd5 9. cxd5 Bg4 10. O-O Re8 11. h3 Bxf3 12. Bxf3 Nbd7 13. Re1 Qa5 14. Be3 b5 15. a3 b4 16. axb4 Qxb4 17. Qc2 Nb6 18. Re2 Nfd7 19. Bc1 a5 20. Ra3 a4 21. Bg4 Bd4+ 22. Kh1 Nf6 23. Bf3 Nc4 24. Rxa4 Rxa4 25. Nxa4 Nxd5 26. Nxc5 Nce3 27. Qa4 Qxa4 28. Nxa4 Rc8 29. Nc3 Nxc3 30. bxc3 Nf1 31. Re1 Ng3+ 32. Kh2 Bf2 33. Rd1 Rxc3 34. Bb2 Rc2 35. Bf6 h5 36. h4 Kh7 37. Rb1 Rc8 38. Kh3 Re8 39. Rb2 Be1 40. Rb7 Nxe4 41. Rxf7+ Kg8 42. Rg7+ Kf8 43. Rxg6 Kf7 44. Bxh5 1-0

[Event "Montreal Vendredi 02"]
[Site "Montreal CAN"]
[Date "2017.03.10"]
[Round "3"]
[White "Yu, Zong Yang"]
[Black "Leveille, Francois"]
[Result "1/2-1/2"]
[WhiteElo "2478"]
[BlackElo "2330"]
[WhiteFideId "-1"]
[WhiteFideId "-1"]
[PlyCount "96"]
[GameId "2160767908478555"]
[EventDate "2017.02.15"]
[EventType "tourn"]
[EventRounds "3"]
[EventCountry "CAN"]
[SourceTitle "EXT 2022"]
[Source "ChessBase"]
[SourceDate "2021.10.06"]
[SourceVersion "1"]
[SourceVersionDate "2021.10.06"]
[SourceQuality "1"]

1. d4 Nf6 2. c4 g6 3. Nc3 Bg7 4. e4 d6 5. Nf3 O-O 6. Be2 e5 7. O-O Nc6 8. d5 Ne7 9. b4 a5 10. Ba3 Re8 11. bxa5 Rxa5 12. Bb4 Ra8 13. a3 Bf8 14. Ne1 c5 15. dxc6 Nxc6 16. Nc2 Be6 17. Bd3 Bh6 18. Nb5 Nxb4 19. axb4 Qb6 20. Qf3 Kg7 21. Ne3 Ra6 22. c5 dxc5 23. bxc5 Qxc5 24. Rac1 Qb6 25. Nc7 Ra3 26. Nxe8+ Nxe8 27. Nc4 Qb3 28. Nxa3 Bxc1 29. Rxc1 Qxa3 30. Qe3 Nf6 31. Qd2 Qd6 32. Qc3 h5 33. h3 Bd7 34. Kh2 Bc6 35. f3 h4 36. f4 Nd7 37. Rf1 f6 38. f5 Nc5 39. Bb1 Bxe4 40. fxg6 Bc6 41. Qc4 Qd5 42. Qg4 Ne6 43. Rf2 Qd4 44. Qf5 Nf4 45. Ra2 Qe3 46. Qg4 Qe1 47. Bf5 Bd5 48. Rc2 Bc6 1/2-1/2

[Event "Montreal Vendredi 05"]
[Site "Montreal CAN"]
[Date "2017.05.05"]
[Round "1"]
[White "Cardona, Misael"]
[Black "Nunez, Omar"]
[Result "1/2-1/2"]
[WhiteElo "2124"]
[BlackElo "1892"]
[WhiteFideId "-1"]
[WhiteFideId "-1"]
[PlyCount "58"]
[GameId "2160767908411543"]
[EventDate "2017.05.05"]
[EventType "tourn"]
[EventRounds "3"]
[EventCountry "CAN"]
[SourceTitle "EXT 2022"]
[Source "ChessBase"]
[SourceDate "2021.10.06"]
[SourceVersion "1"]
[SourceVersionDate "2021.10.06"]
[SourceQuality "1"]

1. d4 d5 2. c4 e6 3. Nc3 Nf6 4. Bg5 Be7 5. Nf3 O-O 6. e3 b6 7. cxd5 exd5 8. Bd3 Bb7 9. Qc2 Nbd7 10. h4 c5 11. Bxf6 Nxf6 12. g4 cxd4 13. Nxd4 Rc8 14. g5 Ne4 15. Bxe4 dxe4 16. O-O-O Qc7 17. Kb1 Bb4 18. Ncb5 Qe5 19. Qa4 a5 20. a3 Bc5 21. Na7 Ra8 22. Nab5 Rfc8 23. Rd2 Ba6 24. Rhd1 Bxd4 25. Nxd4 Bd3+ 26. Ka1 b5 27. Qb3 Bc4 28. Qc2 Bd3 29. Qb3 Bc4 1/2-1/2

[Event "Montreal Vendredi 05"]
[Site "Montreal CAN"]
[Date "2017.05.05"]
[Round "1"]
[White "Nesterov, Timour"]
[Black "Libersan, Thierry"]
[Result "1-0"]
[WhiteElo "1884"]
[BlackElo "2204"]
[WhiteFideId "-1"]
[WhiteFideId "-1"]
[PlyCount "57"]
[GameId "2160767908411544"]
[EventDate "2017.05.05"]
[EventType "tourn"]
[EventRounds "3"]
[EventCountry "CAN"]
[SourceTitle "EXT 2022"]
[Source "ChessBase"]
[SourceDate "2021.10.06"]
[SourceVersion "1"]
[SourceVersionDate "2021.10.06"]
[SourceQuality "1"]

1. d4 d5 2. Bf4 c5 3. e3 Nc6 4. Nf3 Nf6 5. c3 e6 6. Bd3 Be7 7. O-O Nh5 8. Be5 Nxe5 9. Nxe5 Nf6 10. Nd2 O-O 11. f4 g6 12. Ndf3 Ne4 13. Bxe4 dxe4 14. Nd2 f6 15. Ng4 h5 16. Nf2 f5 17. Nc4 cxd4 18. cxd4 Bd7 19. Ne5 Kg7 20. Qb3 b5 21. Rfd1 Qe8 22. d5 Rf6 23. d6 Bd8 24. Rac1 Bb6 25. Nh3 Rc8 26. Ng5 a5 27. Kf2 Qd8 28. Nxd7 Rxc1 29. Nxf6 1-0

[Event "Montreal Vendredi 05"]
[Site "Montreal CAN"]
[Date "2017.05.11"]
[Round "2"]
[White "Libersan, Thierry"]
[Black "Nunez, Omar"]
[Result "1-0"]
[WhiteElo "2204"]
[BlackElo "1892"]
[WhiteFideId "-1"]
[WhiteFideId "-1"]
[PlyCount "63"]
[GameId "2160767908411545"]
[EventDate "2017.05.05"]
[EventType "tourn"]
[EventRounds "3"]
[EventCountry "CAN"]
[SourceTitle "EXT 2022"]
[Source "ChessBase"]
[SourceDate "2021.10.06"]
[SourceVersion "1"]
[SourceVersionDate "2021.10.06"]
[SourceQuality "1"]

1. d4 d5 2. Bf4 c5 3. e3 Nc6 4. c3 Qb6 5. Qb3 Qxb3 6. axb3 cxd4 7. exd4 Bd7 8. b4 Nf6 9. b5 Nd8 10. Nf3 Ne6 11. Be5 g6 12. Be2 Bg7 13. Nbd2 O-O 14. O-O Rfc8 15. Ra2 Nc7 16. Bxc7 Rxc7 17. b6 Rcc8 18. Rxa7 Rab8 19. Ne5 Be6 20. Bb5 Ne8 21. Bd7 Rd8 22. Bxe8 Rxe8 23. Nb3 Rec8 24. Na5 f6 25. Nd3 Bd7 26. Nc5 Bb5 27. Re1 e5 28. Naxb7 exd4 29. cxd4 f5 30. Nd6 Bxd4 31. Nxc8 Rxc8 32. b7 1-0

[Event "Montreal Vendredi 05"]
[Site "Montreal CAN"]
[Date "2017.05.12"]
[Round "2"]
[White "Nesterov, Timour"]
[Black "Cardona, Misael"]
[Result "0-1"]
[WhiteElo "1884"]
[BlackElo "2124"]
[WhiteFideId "-1"]
[WhiteFideId "-1"]
[PlyCount "78"]
[GameId "2160767908411546"]
[EventDate "2017.05.05"]
[EventType "tourn"]
[EventRounds "3"]
[EventCountry "CAN"]
[SourceTitle "EXT 2022"]
[Source "ChessBase"]
[SourceDate "2021.10.06"]
[SourceVersion "1"]
[SourceVersionDate "2021.10.06"]
[SourceQuality "1"]

1. d4 Nf6 2. Bf4 d5 3. Nf3 c5 4. e3 Nc6 5. c3 Bg4 6. Nbd2 e6 7. Bd3 Bd6 8. Bg3 O-O 9. O-O Bxg3 10. hxg3 Qe7 11. Rc1 Rad8 12. Bb1 Rfe8 13. Qa4 a6 14. Ne5 Be2 15. Nxc6 Qd7 16. Rfe1 Bb5 17. Qa3 Bxc6 18. Qxc5 e5 19. dxe5 Rxe5 20. Nf3 Rh5 21. Rcd1 Qc8 22. Rd4 Re8 23. Rh4 Rxh4 24. Nxh4 g6 25. Qd4 Qe6 26. Qf4 Kg7 27. Nf3 h6 28. Nd4 Qe7 29. Bd3 Qc5 30. g4 Bd7 31. g5 hxg5 32. Qxg5 Qb6 33. b3 Qa5 34. Rc1 Qxa2 35. Be2 Qd2 36. Rc2 Qe1+ 37. Bf1 Rh8 38. Qf4 Bg4 39. c4 Qxf1+ 0-1

[Event "Montreal Vendredi 05"]
[Site "Montreal CAN"]
[Date "2017.05.19"]
[Round "3"]
[White "Cardona, Misael"]
[Black "Libersan, Thierry"]
[Result "1-0"]
[WhiteElo "2124"]
[BlackElo "2204"]
[WhiteFideId "-1"]
[WhiteFideId "-1"]
[PlyCount "95"]
[GameId "2160767908411547"]
[EventDate "2017.05.05"]
[EventType "tourn"]
[EventRounds "3"]
[EventCountry "CAN"]
[SourceTitle "EXT 2022"]
[Source "ChessBase"]
[SourceDate "2021.10.06"]
[SourceVersion "1"]
[SourceVersionDate "2021.10.06"]
[SourceQuality "1"]

1. d4 c5 2. e3 Nf6 3. c4 cxd4 4. exd4 d5 5. Nc3 Nc6 6. Bg5 Be6 7. Be2 h6 8. Bxf6 exf6 9. Bf3 Bb4 10. Nge2 O-O 11. O-O Ne7 12. c5 b6 13. a3 Bxc3 14. Nxc3 bxc5 15. dxc5 Qc7 16. b4 Rab8 17. Ne2 a5 18. Rb1 axb4 19. axb4 Nc6 20. Qd2 Rb7 21. Nd4 Rfb8 22. Nxc6 Qxc6 23. Rfc1 Rc7 24. h3 Qd7 25. Qd4 Qa4 26. Bd1 Qa3 27. Rc3 Qa2 28. Rcb3 Qa7 29. Ra1 Qb7 30. b5 Qc8 31. Rc1 Rcb7 32. Be2 Bd7 33. c6 Rb6 34. Rg3 Kh8 35. Rgc3 Be6 36. f4 Qc7 37. Bd3 f5 38. Re1 Ra8 39. Re5 Ra1+ 40. Kh2 Rd1 41. Rc5 Rb8 42. Rcxd5 Bxd5 43. Rxd5 Qe7 44. Qe5 Qa7 45. c7 Rg8 46. Rd8 Rc1 47. Rxg8+ Kxg8 48. Qe8+ 1-0

[Event "Montreal Vendredi 09"]
[Site "Montreal CAN"]
[Date "2017.09.15"]
[Round "1"]
[White "Cardona, Misael"]
[Black "Zhong, Kevin"]
[Result "1-0"]
[WhiteElo "2141"]
[BlackElo "2010"]
[WhiteFideId "-1"]
[WhiteFideId "-1"]
[PlyCount "141"]
[GameId "2160767908330307"]
[EventDate "2017.09.15"]
[EventType "tourn"]
[EventRounds "3"]
[EventCountry "CAN"]
[SourceTitle "EXT 2022"]
[Source "ChessBase"]
[SourceDate "2021.10.06"]
[SourceVersion "1"]
[SourceVersionDate "2021.10.06"]
[SourceQuality "1"]

1. Nf3 d5 2. c4 e6 3. g3 Nf6 4. Bg2 d4 5. O-O c5 6. d3 h6 7. a3 Nc6 8. e3 a5 9. exd4 cxd4 10. Nbd2 Bd6 11. Qc2 O-O 12. Rb1 a4 13. b4 axb3 14. Nxb3 e5 15. Re1 Bf5 16. c5 Bc7 17. Nbd2 Rb8 18. Nc4 e4 19. Nh4 exd3 20. Qd2 Bh7 21. Bb2 Na5 22. Nd6 Nb3 23. Qb4 d2 24. Red1 Bxb1 25. Qxb3 Bxd6 26. cxd6 Re8 27. Nf3 Be4 28. Rxd2 d3 29. Ne5 Qxd6 30. Qxf7+ Kh8 31. Qxe8+ Nxe8 32. Nf7+ Kg8 33. Nxd6 Nxd6 34. Bxe4 Nxe4 35. Rxd3 Nc5 36. Rd5 b6 37. Bd4 Rc8 38. Bxc5 bxc5 39. Kf1 c4 40. Ke1 Ra8 41. Rc5 Rxa3 42. Rxc4 Ra2 43. Rc7 Ra1+ 44. Ke2 g5 45. Kf3 Rh1 46. Kg2 Rd1 47. h3 Rd4 48. Kf3 Ra4 49. Re7 Rb4 50. Ke3 Ra4 51. Kf3 Rb4 52. Re4 Rb3+ 53. Kg4 Kg7 54. Ra4 Rb7 55. Ra6 Rf7 56. Kh5 g4 57. Rg6+ Kh7 58. Rxh6+ Kg7 59. Rg6+ Kh7 60. Rxg4 Rxf2 61. Rg5 Rf3 62. h4 Rf6 63. Ra5 Rh6+ 64. Kg4 Rg6+ 65. Kf4 Rf6+ 66. Rf5 Ra6 67. g4 Kh6 68. Re5 Rf6+ 69. Ke4 Rg6 70. Kf5 Rc6 71. Re6+ 1-0

[Event "Montreal Vendredi 09"]
[Site "Montreal CAN"]
[Date "2017.09.15"]
[Round "1"]
[White "Tremblay, Alain"]
[Black "Tanaka, Tyler"]
[Result "1/2-1/2"]
[WhiteElo "2149"]
[BlackElo "2073"]
[WhiteFideId "-1"]
[WhiteFideId "-1"]
[PlyCount "44"]
[GameId "2160767908330308"]
[EventDate "2017.09.15"]
[EventType "tourn"]
[EventRounds "3"]
[EventCountry "CAN"]
[SourceTitle "EXT 2022"]
[Source "ChessBase"]
[SourceDate "2021.10.06"]
[SourceVersion "1"]
[SourceVersionDate "2021.10.06"]
[SourceQuality "1"]

1. Nf3 Nf6 2. g3 g6 3. b4 Bg7 4. Bb2 O-O 5. Bg2 d6 6. c4 a5 7. b5 e5 8. O-O Nbd7 9. Nc3 Nc5 10. d4 exd4 11. Nxd4 Re8 12. e3 Bg4 13. f3 Bd7 14. e4 Qc8 15. Re1 Bh3 16. Bh1 h5 17. Qd2 h4 18. Rad1 Ne6 19. Nxe6 Bxe6 20. Nd5 Bxd5 21. exd5 hxg3 22. hxg3 b6 1/2-1/2

[Event "Montreal Vendredi 09"]
[Site "Montreal CAN"]
[Date "2017.09.22"]
[Round "2"]
[White "Tanaka, Tyler"]
[Black "Zhong, Kevin"]
[Result "1/2-1/2"]
[WhiteElo "2073"]
[BlackElo "2010"]
[WhiteFideId "-1"]
[WhiteFideId "-1"]
[PlyCount "51"]
[GameId "2160767908330309"]
[EventDate "2017.09.15"]
[EventType "tourn"]
[EventRounds "3"]
[EventCountry "CAN"]
[SourceTitle "EXT 2022"]
[Source "ChessBase"]
[SourceDate "2021.10.06"]
[SourceVersion "1"]
[SourceVersionDate "2021.10.06"]
[SourceQuality "1"]

1. e4 c5 2. Nf3 g6 3. d4 cxd4 4. Nxd4 Nc6 5. c4 Nf6 6. Nc3 d6 7. Be2 Nxd4 8. Qxd4 Bg7 9. Be3 O-O 10. Qd2 Be6 11. O-O Qa5 12. Rac1 Rfc8 13. b3 a6 14. Rfd1 b5 15. Nd5 Qxd2 16. Bxd2 Nxd5 17. exd5 Bd7 18. Bg5 h6 19. Bh4 g5 20. Bg3 bxc4 21. Bxc4 Bb5 22. Kf1 Bxc4+ 23. Rxc4 Rxc4 24. bxc4 Rb8 25. c5 f5 26. f3 1/2-1/2

[Event "Montreal Vendredi 09"]
[Site "Montreal CAN"]
[Date "2017.09.22"]
[Round "2"]
[White "Tremblay, Alain"]
[Black "Cardona, Misael"]
[Result "1/2-1/2"]
[WhiteElo "2149"]
[BlackElo "2141"]
[WhiteFideId "-1"]
[WhiteFideId "-1"]
[PlyCount "54"]
[GameId "2160767908330310"]
[EventDate "2017.09.15"]
[EventType "tourn"]
[EventRounds "3"]
[EventCountry "CAN"]
[SourceTitle "EXT 2022"]
[Source "ChessBase"]
[SourceDate "2021.10.06"]
[SourceVersion "1"]
[SourceVersionDate "2021.10.06"]
[SourceQuality "1"]

1. e4 c5 2. Nf3 d6 3. d4 cxd4 4. Nxd4 Nf6 5. Nc3 e6 6. Be2 Be7 7. O-O a6 8. a4 Qc7 9. f4 O-O 10. Kh1 Nc6 11. Be3 Re8 12. Bf3 Rb8 13. Nxc6 bxc6 14. b3 Bb7 15. a5 c5 16. Qd2 Rbd8 17. Qf2 d5 18. e5 d4 19. Bc1 Bxf3 20. Qxf3 dxc3 21. exf6 Bxf6 22. Be3 Rd5 23. Qe2 Qb7 24. Rfd1 Red8 25. Rxd5 exd5 26. Bxc5 Qc6 27. Bb6 Ra8 1/2-1/2

[Event "Montreal Vendredi 09"]
[Site "Montreal CAN"]
[Date "2017.09.29"]
[Round "3"]
[White "Cardona, Misael"]
[Black "Tanaka, Tyler"]
[Result "0-1"]
[WhiteElo "2141"]
[BlackElo "2073"]
[WhiteFideId "-1"]
[WhiteFideId "-1"]
[PlyCount "54"]
[GameId "2160767908330311"]
[EventDate "2017.09.15"]
[EventType "tourn"]
[EventRounds "3"]
[EventCountry "CAN"]
[SourceTitle "EXT 2022"]
[Source "ChessBase"]
[SourceDate "2021.10.06"]
[SourceVersion "1"]
[SourceVersionDate "2021.10.06"]
[SourceQuality "1"]

1. d4 Nf6 2. c4 g6 3. Nc3 Bg7 4. g3 O-O 5. Bg2 d6 6. Nf3 c5 7. d5 e6 8. O-O exd5 9. cxd5 a6 10. a4 Re8 11. Nd2 Nbd7 12. e4 Rb8 13. Nc4 Ne5 14. Na3 c4 15. f4 Nd3 16. Nxc4 Nxc1 17. Qxc1 b5 18. axb5 axb5 19. Na5 b4 20. Nd1 Nxe4 21. Nc6 Qb6+ 22. Kh1 Ba6 23. Rxa6 Qxa6 24. Nxb8 Rxb8 25. Nf2 Nxf2+ 26. Rxf2 Rc8 27. Rc2 Rxc2 0-1